| 000 | 00417nam a2200181Ia 4500 | ||
|---|---|---|---|
| 001 | 16166 | ||
| 005 | 20260306170249.0 | ||
| 008 | 260306t2006||||xx |||||||||||||| ||und|| | ||
| 041 | _aESP | ||
| 082 |
_a347 _bM84 T III |
||
| 100 |
_aMontoya Manfredi, Ulises _eAUT |
||
| 245 | 0 | _aDerecho comercial | |
| 260 | _c2006 | ||
| 300 |
_apágs. : _c24 cm. |
||
| 650 | _aGEN | ||
| 654 | _aCDE | ||
| 942 |
_cLIB _dJUS _fJUS _2ddc _n |
||
| 999 |
_c16166 _d16166 |
||